Detalles MARC
| 000 -LÍDER |
| Campo fijo de descripción fija |
01339cam a2200373 i 4500 |
| 001 - NÚMERO DE CONTROL |
| Campo de control |
768714001 |
| 003 - IDENTIFICADOR DEL NÚMERO DE CONTROL |
| Campo de control |
CO-MdFUSB |
| 005 - FECHA Y HORA DE LA ULTIMA TRANSACCIÓN |
| control field |
20241205124842.0 |
| 007 - CAMPO FIJO DE DESCRIPCIÓN FIJA--INFORMACIÓN GENERAL |
| Campo fijo de descripción fija |
ta |
| 008 - ELEMENTOS DE LONGITUD FIJA -- INFORMACIÓN GENERAL |
| Campo fijo de descripción fija -- Información general |
731001t1967 enk 000 0 eng |
| 010 ## - NÚMERO DE CONTROL DE LA BIBLIOTECA DEL CONGRESO |
| Número de control LC |
67100526 |
| 020 ## - NÚMERO INTERNACIONAL NORMALIZADO PARA LIBROS |
| Número Internacional Normalizado del libro |
[No incluye ISBN] |
| 040 ## - FUENTE DE CATALOGACIÓN |
| Agencia de catalogación original |
DLC |
| Agencia que realiza la transcripción |
CO-MdFUSB |
| Agencia que realiza la modificación |
DLC |
| Idioma de catalogación |
spa |
| Convenciones de la descripción |
rda |
| 041 ## - CÓDIGO DE IDIOMA |
| Código de idioma para texto/pista de sonido o título separado |
eng |
| 082 00 - NÚMERO DE CLASIFICACIÓN DECIMAL DEWEY |
| Número de la edición del Dewey |
23 |
| Número de clasificación |
238 |
| Clave de autor-Numero de item |
E286 |
| 100 1# - ASIENTO PRINCIPAL--NOMBRE PERSONAL |
| Nombre personal |
Egan, Patrick Kevin. |
| Término relacionador |
autor |
| 245 1# - TÍTULO |
| Título del Material |
This is the lay apostolate : |
| Parte restante del título - Subtitulo |
simplifications of the "Decree on the apostolate of the laity" and 'Declaration on Religious freedom" |
| Mención de responsabilidad, etc. |
/ Patrick Egan , Jacqueline Rolo. |
| 264 #1 - PRODUCCIÓN, PUBLICACIÓN, DISTRIBUCIÓN, MANUFACTURA, Y COPYRIGHT |
| Lugar de producción, publicación, distribución, manufactura |
Londres, |
| Nombre del productor, publicador, distribuidor |
Geoffrey Chapman Mowbray, |
| Fecha de producción, publicación, distribución, manufactura, o copyright |
[1967] |
| 264 #4 - PRODUCCIÓN, PUBLICACIÓN, DISTRIBUCIÓN, MANUFACTURA, Y COPYRIGHT |
| Fecha de producción, publicación, distribución, manufactura, o copyright |
© 1967 |
| 300 ## - DESCRIPCIÓN FÍSICA |
| Extensión |
80 páginas. |
| Dimensiones |
18 cm. |
| 336 ## - TIPO DE CONTENIDO |
| Fuente |
rdacontent |
| Término de tipo de contenido |
texto |
| Código de tipo de contenido |
tdi |
| 337 ## - TIPO DE MEDIO |
| Fuente |
rdamedia |
| Nombre del tipo de medio |
sin mediación |
| Código del tipo de medio |
n |
| 338 ## - TIPO DE SOPORTE |
| Fuente |
rdacarrier |
| Nombre del tipo de soporte |
volumen |
| Código Tipo de soporte |
nc |
| 490 0# - MENCIÓN DE SERIE |
| Mención de serie |
A Grail simplified document |
| 650 #0 - ASIENTO SECUNDARIO DE MATERIA - TERMINO TEMÁTICO |
| Término temático o nombre geográfico como elemento de entrada |
Catholic Action. |
| 650 #0 - ASIENTO SECUNDARIO DE MATERIA - TERMINO TEMÁTICO |
| Término temático o nombre geográfico como elemento de entrada |
Freedom of religion. |
| 700 12 - ASIENTO SECUNDARIO - NOMBRE PERSONAL |
| Nombre personal |
Rolo, Jacqueline. |
| Responsabilidad |
autor |
| 711 2# - ASIENTO SECUNDARIO - NOMBRE DE REUNIÓN |
| Nombre de la reunión o nombre de la jurisdicción como elemento de entrada |
Vatican Council |
| Number of part/section/meeting |
(2nd : |
| Fecha de la reunión o firma del tratado |
1962-1965 : |
| Lugar de la reunión |
Basilica di San Pietro in Vaticano). |
| Title of a work |
Decretum de apostolatu laicorum. |
| 711 2# - ASIENTO SECUNDARIO - NOMBRE DE REUNIÓN |
| Nombre de la reunión o nombre de la jurisdicción como elemento de entrada |
Vatican Council |
| Number of part/section/meeting |
(2nd : |
| Fecha de la reunión o firma del tratado |
1962-1965 : |
| Lugar de la reunión |
Basilica di San Pietro in Vaticano). |
| Title of a work |
Declaratio de libertate religiosa. |
| 942 ## - TIPO DE MATERIAL (KOHA) |
| Tipo de Item KOHA |
Libros General |
| 945 ## - INFORMACIÓN LOCAL DEL REGISTRO |
| Catalogador |
JTF-925 |